000 00216nam a22001097a 4500
082 _a494
_bROH/M
245 _aMACHUAARA AUR JINN
260 _aDELHI
_bROHAN BOOK
300 _a80
650 _aSTORY
_zDELHI
942 _cBK
999 _c4566
_d4566